| 000 | 00768nam a2200217 a 4500 | ||
|---|---|---|---|
| 001 | 000048532 | ||
| 005 | 20201002061225.0 | ||
| 008 | 190328s2009 dr 000 j spa d | ||
| 040 |
_aDO-SdBNP _bspa _cBNPHU |
||
| 090 |
_aRD863.5 _bL563c |
||
| 100 | 1 |
_aLeón, María Amalia _957578 |
|
| 245 | 1 | 0 |
_aCuando el viento habla ... / _cMaría Amalia León ; ilustraciones Tania Marmolejo. |
| 260 |
_aSanto Domingo : _bPropagas, _c2009. |
||
| 300 |
_a[36] p. : _bils. ; _c22 cm. |
||
| 590 | _aInventariado, 2019/MFF | ||
| 650 | 4 |
_aCuentos infatiles dominicanos _975993 |
|
| 650 | 4 |
_aLiteratura infanitl dominicana _975994 |
|
| 700 | 1 |
_aMarmolejo,Tania _eil. _957579 |
|
| 710 | 2 |
_aFundación Propagas (República Dominicana) _975942 |
|
| 910 | _aValidado. Control de calidad MFF | ||
| 999 |
_c48020 _d48020 |
||